LEADER 00894nam0-22002891i-450 001 990001724330403321 005 20190529131341.0 035 $a000172433 035 $aFED01000172433 035 $a(Aleph)000172433FED01 035 $a000172433 100 $a20030910d1939----km-y0itay50------ba 101 0 $aita 200 1 $aDirettive e finalità circa il miglioramento del sorgo zuccherino$fEnrico Avanzi 210 $aGenova$c...$d1939 215 $a8 p.$d31 cm 300 $aEstr. da: L'Industria saccarifera italiana, 32 (1939), n.3. 610 0 $aSorghum bicolor 676 $a633.62 700 1$aAvanzi,$bEnrico$f<1888-1974>$068275 801 0$aIT$bUNINA$gRICA$2UNIMARC 901 $aLG 912 $a990001724330403321 952 $a60 OP. 28/13$b32521$fFAGBC 959 $aFAGBC 996 $aDirettive e finalità circa il miglioramento del sorgo zuccherino$9359829 997 $aUNINA LEADER 02682nam 2200601Ia 450 001 9910788540103321 005 20230725045855.0 010 $a1-283-24071-8 010 $a9786613240712 010 $a1-4438-3097-6 035 $a(CKB)3360000000431855 035 $a(EBL)1165681 035 $a(SSID)ssj0000575885 035 $a(PQKBManifestationID)11408260 035 $a(PQKBTitleCode)TC0000575885 035 $a(PQKBWorkID)10553440 035 $a(PQKB)10041102 035 $a(Au-PeEL)EBL1165681 035 $a(CaPaEBR)ebr10648394 035 $a(CaONFJC)MIL324071 035 $a(OCoLC)840171688 035 $a(OCoLC)730403537 035 $a(FINmELB)ELB145176 035 $a(MiAaPQ)EBC1165681 035 $a(EXLCZ)993360000000431855 100 $a20110613d2011 uy 0 101 0 $aeng 135 $aurcn||||||||| 181 $ctxt 182 $cc 183 $acr 200 04$aThe future of ecocriticism$b[electronic resource] $enew horizons /$fedited by Serpil Oppermann ... [et al.] 210 $aNewcastle upon Tyne $cCambridge Scholars Pub.$d2011 215 $a1 online resource (501 p.) 300 $aFrom an ecocriticism conference held in Kermer, Antalya, in November 2009. 311 $a1-4438-2983-8 320 $aIncludes bibliographical references. 327 $aTABLE OF CONTENTS; ACKNOWLEDGMENTS; INTRODUCTION; POEMS BY LINDA HOGAN; PART I; CHAPTER ONE; CHAPTER TWO; CHAPTER THREE; CHAPTER FOUR; CHAPTER FIVE; CHAPTER SIX; PART II; CHAPTER SEVEN; CHAPTER EIGHT; CHAPTER NINE; CHAPTER TEN; CHAPTER ELEVEN; CHAPTER TWELVE; CHAPTER THIRTEEN; CHAPTER FOURTEEN; CHAPTER FIFTEEN; PART III; CHAPTER SIXTEEN; CHAPTER SEVENTEEN; CHAPTER EIGHTEEN; CHAPTER NINETEEN; CHAPTER TWENTY; CHAPTER TWENTY ONE; CHAPTER TWENTY TWO; PART IV; CHAPTER TWENTY THREE; CHAPTER TWENTY FOUR; CHAPTER TWENTY FIVE; CHAPTER TWENTY SIX; CHAPTER TWENTY SEVEN; CHAPTER TWENTY EIGHT 327 $aCHAPTER TWENTY NINE CHAPTER THIRTY; CHAPTER THIRTY-ONE; CHAPTER THIRTY-TWO; CONCLUSION; CONTRIBUTORS 330 $aAs we enter the second decade of the twenty-first century, environmental concerns dominate the media headlines, from rampant poverty in the developing world to nuclear accidents in industrialized nations. How did human civilization arrive at its current 606 $aEcocriticism$vCongresses 606 $aCriticism$vCongresses 615 0$aEcocriticism 615 0$aCriticism 676 $a809.933553 701 $aOppermann$b Serpil$01509822 801 0$bMiAaPQ 801 1$bMiAaPQ 801 2$bMiAaPQ 906 $aBOOK 912 $a9910788540103321 996 $aThe future of ecocriticism$93741997 997 $aUNINA